000 00770nam a2200193Ia 4500
008 151121s9999||||xx |||||||||||||| ||und||
082 _a923/केलेक
082 _bHNW-53272
100 _aकेलेकर रवीन्द्र
245 _aमहात्मा गांधी:एक जीवनी
260 _b"कांग्रेस शताब्दी 1985 समारोह स।,न। दिल्ली।"
260 _c--
300 _a179
600 _aकेलेकर रवीन्द्र
630 _aमहात्मा गांधी:एक जीवनी
700 _aकेलेकर रवीन्द्र
730 _aमहात्मा गांधी:एक जीवनी
942 _cBOOK
999 _c1236947
_d1236944